Exploring the Impact of Web 2.0 Tools on 21st Century Skills of EFL Learners in Collaborative Learning Environment/ (Record no. 593324)

000 -LEADER
fixed length control field 00583nam a22001577a 4500
003 - CONTROL NUMBER IDENTIFIER
control field NUST
082 ## - DEWEY DECIMAL CLASSIFICATION NUMBER
Classification number 200
100 ## - MAIN ENTRY--PERSONAL NAME
Personal name Fatima, Tehreem
245 ## - TITLE STATEMENT
Title Exploring the Impact of Web 2.0 Tools on 21st Century Skills of EFL Learners in Collaborative Learning Environment/
Statement of responsibility, etc. Tehreem Fatima,
264 ## - PRODUCTION, PUBLICATION, DISTRIBUTION, MANUFACTURE, AND COPYRIGHT NOTICE
Place of production, publication, distribution, manufacture Islamabad :
Name of producer, publisher, distributor, manufacturer SEECS, NUST,
Date of production, publication, distribution, manufacture, or copyright notice 2023.
300 ## - PHYSICAL DESCRIPTION
Extent 105 p. ;
Dimensions 30 cm.
650 ## - SUBJECT ADDED ENTRY--TOPICAL TERM
Topical term or geographic name entry element MS-Innovative Technologies in Learning
700 ## - ADDED ENTRY--PERSONAL NAME
Personal name Supervisor: Dr. Tahira Anwar Lashari
856 ## - ELECTRONIC LOCATION AND ACCESS
Uniform Resource Identifier <a href="http://10.250.8.41:8080/xmlui/handle/123456789/32318">http://10.250.8.41:8080/xmlui/handle/123456789/32318</a>
942 ## - ADDED ENTRY ELEMENTS (KOHA)
Source of classification or shelving scheme
Koha item type Soft Copy
Holdings
Withdrawn status Permanent Location Current Location Shelving location Date acquired Full call number Barcode Koha item type
  Central Library (CL) Central Library (CL) Thesis 02/16/2023 200 CL-T-6710 Soft Copy
© 2023 Central Library, National University of Sciences and Technology. All Rights Reserved.